000 00734nam a2200229Ia 4500
001 9681
003 GE_BSU
008 181216s||||||||xx |||||||||||||| ||und||
040 _cGE_BSU
080 _a821.353.1–32
100 _aმთვარაძე,სიმონ
245 _aჩაშლილი ქორწილი
245 _bმოთხრობა
245 _cრედ.დ.შენგელია.მხატვრ.შ.ბერიტაშვილი
260 _aთბილისი
260 _bსაბჭ.მწერალი
260 _c1952
300 _a158გვ.19სმ.
653 _aმოთხრობა
653 _aჩაშლილი ქორწილი
942 _cBK
999 _c42964
_d42964